20 biggest US cities in each time zone - Statistics

General Stats
  • This quiz has been taken 383 times
  • The average score is 68 of 120
Answer Stats
State City % Correct
Florida Miami
99%
New York New York
99%
Massachusetts Boston
98%
Illinois Chicago
98%
Texas Dallas
98%
Texas Houston
98%
Pennsylvania Philadelphia
98%
District of Columbia Washington
98%
Georgia Atlanta
97%
Texas Austin
97%
Michigan Detroit
97%
Indiana Indianapolis
97%
Oklahoma Oklahoma City
96%
Colorado Denver
95%
Arizona Phoenix
95%
California Los Angeles
94%
Minnesota Minneapolis
94%
Tennessee Nashville
94%
Texas San Antonio
94%
California San Francisco
94%
Maryland Baltimore
93%
Ohio Cleveland
93%
Nevada Las Vegas
93%
Utah Salt Lake City
93%
California San Diego
93%
Washington Seattle
93%
North Carolina Charlotte
92%
Florida Jacksonville
92%
Missouri Kansas City
92%
Louisiana New Orleans
92%
Oregon Portland
92%
Florida Tampa
92%
Ohio Columbus
91%
Tennessee Memphis
91%
Pennsylvania Pittsburgh
90%
California San Jose
90%
North Carolina Raleigh
89%
Wisconsin Milwaukee
88%
Missouri St Louis
88%
Texas El Paso
87%
Kentucky Louisville
87%
California Sacramento
87%
Nebraska Omaha
85%
Colorado Colorado Springs
84%
New Mexico Albuquerque
83%
Ohio Cincinnati
83%
Idaho Boise
82%
Texas Fort Worth
82%
Minnesota St Paul
82%
Virginia Virginia Beach
82%
Nevada Reno
80%
Oklahoma Tulsa
80%
Arizona Tucson
78%
California Oakland
75%
Kansas Wichita
75%
Arizona Mesa
71%
Alaska Anchorage
70%
California Fresno
70%
Hawaii Honolulu
69%
Kentucky Lexington
67%
California Long Beach
65%
Alaska Juneau
64%
California Anaheim
63%
Texas Corpus Christi
63%
Texas Arlington
60%
California Bakersfield
59%
Colorado Aurora
58%
Alaska Fairbanks
56%
California Riverside
56%
Utah Provo
55%
California Santa Ana
53%
Nevada Henderson
52%
Arizona Scottsdale
51%
Arizona Glendale
49%
California Stockton
45%
Arizona Tempe
43%
Arizona Chandler
41%
California Irvine
39%
Arizona Gilbert
37%
California Chula Vista
36%
Hawaii Hilo
32%
Alaska Nome
30%
Arizona Peoria
25%
Colorado Lakewood
24%
Alaska Barrow
22%
Arizona Surprise
22%
Alaska Sitka
20%
Hawaii Pearl City
19%
Hawaii East Honolulu
18%
Colorado Thornton
18%
Alaska Ketchikan
17%
Alaska Wasilla
17%
Alaska Kodiak
15%
Alaska Homer
11%
Hawaii Kailua
9%
Alaska Unalaska
9%
Hawaii Kahului
8%
Alaska Kenai
8%
Alaska Bethel
7%
Alaska Seward
7%
Alaska Palmer
6%
Alaska Valdez
6%
Alaska Kotzebue
5%
Hawaii Waipahu
5%
Hawaii Kaneohe
4%
Hawaii Kihei
4%
Hawaii Ewa Gentry
3%
Alaska Petersburg
3%
Alaska Soldotna
3%
Hawaii Ewa Beach
2%
Hawaii Kapolei
2%
Hawaii Mililani Town
2%
Alaska Wrangell
2%
Hawaii Halawa
1%
Hawaii Makakilo
1%
Hawaii Mililani Mauka
1%
Hawaii Royal Kunia
1%
Hawaii Schofield Barracks
1%
Hawaii Wahiawa
1%
Hawaii Wailuku
1%
No matching quizzes found
Score Distribution
Percent of People with Each Score
Percentile by Number Answered
Your Score History
You have not taken this quiz